|
|
|
|
| LEADER |
00000nkm a2200000 a 4500 |
| 001 |
vtls011988224 |
| 003 |
SK-MaSNL |
| 005 |
20260301225946.0 |
| 007 |
kf bo |
| 008 |
231121s1952 xo |g||||| |00 k|slo |
| 015 |
|
|
|a SNBG1952
|
| 035 |
|
|
|a urn:nbn:sk:snk-km00fdix
|
| 035 |
|
|
|a urn:nbn:sk:snk-km45tz8
|
| 035 |
|
|
|a 2E1CAE14-32AB-45E1-AFA2-D92FE8DFB373
|
| 040 |
|
|
|a SNK
|b slo
|c SNK
|e AACR2
|
| 041 |
0 |
|
|a slo
|
| 043 |
|
|
|a e-xo---
|
| 044 |
|
|
|a xo
|c SK
|
| 072 |
|
7 |
|a 913
|x Regionálna geografia
|2 konspekt
|
| 080 |
|
|
|a 913(437.6)
|2 2011
|
| 080 |
|
|
|a 711.73
|2 2011
|
| 080 |
|
|
|a (084.121)
|2 2011
|
| 080 |
|
|
|a 721
|2 2011
|
| 245 |
0 |
0 |
|a Vráble
|h grafika
|
| 260 |
|
|
|a [Bratislava?]
|b Tatran
|c 1952
|
| 300 |
|
|
|a 1 pohľadnica
|b čiernobiela
|c 9 x 14 cm
|
| 520 |
8 |
|
|a Zobrazenie: V bielom orámovaní pohľad na ulicu popod konár stromu lemovanú stromamy a budovami po pravej strane, ponad cestu je na plachte nápis "Praha-Zbraslav"
|
| 650 |
0 |
7 |
|a ulice
|2 SNKPH
|9 2938
|
| 650 |
0 |
7 |
|a budovy
|2 SNKPH
|9 1283
|
| 651 |
|
7 |
|a Vráble (Slovensko)
|2 SNKPHgeo
|9 16421
|
| 655 |
|
7 |
|a miestne pohľadnice
|2 SNKPH
|9 70510
|
| 852 |
|
|
|a Slovenská národná knižnica
|
| 958 |
|
|
|a GBN
|
| 958 |
|
|
|a OND
|
| 958 |
|
|
|a GC
|
| 958 |
|
|
|a EUIPO
|
| 999 |
|
|
|c 952949
|d 954879
|
| 952 |
|
|
|a SNK
|b SNK
|y PREZ
|7 0
|p 17A1377663
|o snkSP 77287
|0 0
|1 0
|4 0
|d 2020-08-20
|f 1
|l 0
|r 2026-02-24 09:54:12
|w 2026-02-24
|